[Event "12.Traum-Open"]
[Site "Oberstdorf"]
[Date "2005.07.09"]
[Round "1"]
[White "Fischer, Roger"]
[Black "Schwarz, Werner"]
[Result "1-0"]
[WhiteElo "2175"]
[BlackElo "1963"]
[PlyCount "61"]
[EventDate "2005.??.??"]

1. Nf3 g6 2. c4 Bg7 3. Nc3 d6 4. g3 Nf6 5. d4 O-O 6. Bg2 Nbd7 7. O-O Re8 8. e4
e5 9. h3 exd4 10. Nxd4 Nc5 11. Re1 c6 12. Bf4 Ne6 13. Be3 Nxd4 14. Bxd4 Be6 15.
b3 Qa5 16. Rc1 Rad8 17. Rc2 a6 18. Na4 c5 19. Bc3 Qc7 20. Qa1 Nh5 21. Bxg7 Nxg7
22. Nc3 f5 23. Rce2 Qf7 24. exf5 Bxf5 25. Nd5 Rxe2 26. Rxe2 Ne6 27. g4 Bd3 28.
Rd2 Rf8 29. Qe1 Re8 30. Rxd3 Nf4 31. Qxe8+ 1-0

[Event "12.Traum-Open"]
[Site "Oberstdorf"]
[Date "2005.07.09"]
[Round "1"]
[White "Kreie, Günter"]
[Black "Siegmund, Rainer"]
[Result "1/2-1/2"]
[WhiteElo "1942"]
[BlackElo "2149"]
[PlyCount "41"]
[EventDate "2005.??.??"]

1. e4 c5 2. Nf3 Nc6 3. d4 cxd4 4. Nxd4 Nf6 5. Nc3 e5 6. Ndb5 d6 7. Bg5 a6 8.
Na3 b5 9. Bxf6 gxf6 10. Nd5 Bg7 11. c3 f5 12. exf5 Bxf5 13. Qf3 Bd7 14. Nc2 O-O
15. Qh5 f5 16. g3 e4 17. Nce3 Ne5 18. Be2 Be8 19. Qh3 Bd7 20. Qh5 Be8 21. Qh3
1/2-1/2

[Event "12.Traum-Open"]
[Site "Oberstdorf"]
[Date "2005.07.09"]
[Round "1"]
[White "Maugg, Ludwig"]
[Black "Thonig, Manfred"]
[Result "1-0"]
[WhiteElo "2147"]
[BlackElo "1913"]
[PlyCount "73"]
[EventDate "2005.??.??"]

1. d4 f5 2. Nc3 Nf6 3. Bg5 e6 4. e4 Be7 5. exf5 exf5 6. Bc4 d5 7. Bxf6 Bxf6 8.
Nxd5 c6 9. Nxf6+ Qxf6 10. Nf3 Qe7+ 11. Qe2 Qxe2+ 12. Kxe2 b5 13. Bb3 a5 14. a3
a4 15. Ba2 Ke7 16. Rhe1 Kf6 17. Kf1 Na6 18. Ne5 Nb8 19. Rad1 Ra7 20. d5 c5 21.
c3 Re7 22. f4 c4 23. Bb1 Rd8 24. Rd2 Nd7 25. g4 g6 26. g5+ Kg7 27. d6 Re6 28.
Nc6 Rxe1+ 29. Kxe1 Re8+ 30. Kf2 Nc5 31. Ne5 Rd8 32. Rd5 Nb3 33. d7 Bb7 34. Rxb5
Ba6 35. Rb6 Nc5 36. Rc6 Kf8 37. Rxc5 1-0

[Event "12.Traum-Open"]
[Site "Oberstdorf"]
[Date "2005.07.09"]
[Round "1"]
[White "Slacik, Johann"]
[Black "Graf, Joachim"]
[Result "0-1"]
[WhiteElo "1904"]
[BlackElo "2145"]
[PlyCount "118"]
[EventDate "2005.??.??"]

1. d4 d5 2. c4 e6 3. Nf3 Nf6 4. Nc3 Be7 5. e3 O-O 6. Bd3 b6 7. cxd5 exd5 8. Ne5
Bb7 9. Bd2 Re8 10. Rc1 Bd6 11. Nb5 c6 12. Nxd6 Qxd6 13. a3 Nbd7 14. f4 c5 15.
O-O Rac8 16. g4 Ne4 17. Bxe4 dxe4 18. Nxd7 Qxd7 19. dxc5 bxc5 20. Bc3 Qe6 21.
f5 Qh6 22. Rf4 Qh3 23. Qe1 Red8 24. Qg3 Qxg3+ 25. hxg3 Rd3 26. Kf2 f6 27. Rh1
h6 28. Ke2 Ba6 29. Kf2 Rcd8 30. Re1 Bb7 31. Ke2 Kf7 32. Ba5 R8d7 33. Rc1 Rb3
34. Bc3 Ba6+ 35. Ke1 Bd3 36. Rf2 Ke7 37. Rd2 Kd6 38. Kf2 Rd8 39. Rcd1 Kc6 40.
Rc1 Kb5 41. Kg2 Rd5 42. Kf2 h5 43. Kg2 hxg4 44. Rf2 Kc6 45. Rf4 Be2 46. Rf2
Bf3+ 47. Kg1 Kd7 48. Rfc2 Rxf5 49. Rd2+ Ke6 50. Rd8 Rh5 51. Kf2 Rh2+ 52. Ke1
Re2+ 53. Kf1 Rxe3 54. Bd2 Red3 55. Rxd3 Rxd3 56. Be1 Kd5 57. Bf2 e3 58. Be1 Rd2
59. b4 c4 0-1

[Event "12.Traum-Open"]
[Site "Oberstdorf"]
[Date "2005.07.09"]
[Round "1"]
[White "Froehlich, Rainer"]
[Black "Johanssen, Torsten"]
[Result "1/2-1/2"]
[WhiteElo "2128"]
[BlackElo "1900"]
[PlyCount "140"]
[EventDate "2005.??.??"]

1. c4 e5 2. Nc3 Nf6 3. g3 d5 4. cxd5 Nxd5 5. Bg2 Nxc3 6. bxc3 Bd6 7. Nf3 O-O 8.
O-O Nd7 9. d4 c6 10. Qc2 Qc7 11. Rd1 f5 12. Qb3+ Kh8 13. Ng5 Nf6 14. dxe5 Bxe5
15. Ba3 c5 16. Qc4 h6 17. Qxc5 Qxc5 18. Bxc5 Re8 19. Nf7+ Kh7 20. Nxe5 Rxe5 21.
Bd4 Re8 22. Bxf6 gxf6 23. Rd6 Rb8 24. e3 Be6 25. Bh3 Kg7 26. e4 Rbd8 27. Rad1
Rc8 28. Rxe6 Rxe6 29. Bxf5 Rec6 30. Bxc8 Rxc8 31. Rd7+ Kg6 32. Rxb7 a5 33. f4
Rxc3 34. f5+ Kh5 35. Rg7 Re3 36. Kf2 Rxe4 37. Rg6 Ra4 38. Kf3 Ra3+ 39. Kg2
Rxa2+ 40. Kh3 Ra3 41. Rxf6 a4 42. Ra6 Kg5 43. Ra5 h5 44. f6+ Kxf6 45. Rxh5 Rb3
46. Ra5 a3 47. Kh4 Rb2 48. h3 a2 49. g4 Kg6 50. Ra6+ Kg7 51. Kh5 Kf7 52. g5 Rh2
53. h4 Kg7 54. Ra7+ Kf8 55. Kg4 Rb2 56. h5 Rb4+ 57. Kf5 Rb5+ 58. Kg6 Rb6+ 59.
Kh7 Rb7+ 60. Rxb7 a1=Q 61. Rb8+ Ke7 62. g6 Qe5 63. Rb7+ Kf6 64. h6 Qe8 65. Rb6+
Kg5 66. g7 Qe4+ 67. Kh8 Qd4 68. Rc6 Qb2 69. Rc5+ Kxh6 70. Rc6+ Kg5 1/2-1/2

[Event "12.Traum-Open"]
[Site "Oberstdorf"]
[Date "2005.07.09"]
[Round "1"]
[White "Lücke, Volkmar"]
[Black "Kumeth, Hartmut"]
[Result "1-0"]
[WhiteElo "2009"]
[BlackElo "1600"]
[PlyCount "91"]
[EventDate "2005.??.??"]

1. Nf3 d5 2. g3 c5 3. Bg2 Nc6 4. d4 e6 5. O-O Nf6 6. Bg5 h6 7. Bxf6 Qxf6 8. c3
Bd6 9. dxc5 Bxc5 10. Nbd2 O-O 11. e4 dxe4 12. Nxe4 Qe7 13. a3 Bb6 14. b4 Bd7
15. c4 Rad8 16. Qc2 f5 17. Nc3 Bc8 18. Rfe1 Qf7 19. c5 Bc7 20. Nb5 Bb8 21. Rad1
a5 22. Nd6 Bxd6 23. cxd6 Bd7 24. Ne5 Nxe5 25. Rxe5 Qf6 26. f4 g5 27. Qd2 gxf4
28. Qxf4 Ba4 29. Rd2 Rd7 30. Rxe6 Qa1+ 31. Kf2 Rf6 32. Qc4 Kg7 33. Re8 Rff7 34.
Qd4+ Qxd4+ 35. Rxd4 Kf6 36. Rh8 Kg7 37. Rc8 Kf6 38. Ke3 Rg7 39. Rf8+ Ke6 40.
Bd5+ Ke5 41. Re8+ Kf6 42. Re6+ Kg5 43. h4+ Kh5 44. Bf3+ Rg4 45. Bxg4+ fxg4 46.
Rd5# 1-0

[Event "12.Traum-Open"]
[Site "Oberstdorf"]
[Date "2005.07.09"]
[Round "1"]
[White "Buchäckert, Jürgen"]
[Black "Schirmer, Werner"]
[Result "1-0"]
[WhiteElo "1898"]
[BlackElo "2050"]
[PlyCount "51"]
[EventDate "2005.??.??"]

1. e4 c5 2. c3 d5 3. exd5 Qxd5 4. d4 Nf6 5. Nf3 e6 6. Be3 cxd4 7. cxd4 Bb4+ 8.
Nc3 O-O 9. Bd3 Nc6 10. O-O Qd8 11. Qc2 Be7 12. a3 h6 13. Qd2 Ng4 14. Bf4 g5 15.
h3 gxf4 16. hxg4 Bg5 17. Ne4 f5 18. gxf5 exf5 19. Bc4+ Kg7 20. Nc5 Rf6 21. d5
Rd6 22. Nxg5 hxg5 23. Qc3+ Qf6 24. Qxf6+ Kxf6 25. dxc6 Rxc6 26. b4 1-0

[Event "12.Traum-Open"]
[Site "Oberstdorf"]
[Date "2005.07.09"]
[Round "1"]
[White "Stiemer, Sönke"]
[Black "Gestrich, Wolfgang"]
[Result "1-0"]
[WhiteElo "2049"]
[BlackElo "1783"]
[PlyCount "55"]
[EventDate "2005.??.??"]

1. d4 Nf6 2. Nf3 d6 3. c4 Nbd7 4. Nc3 e5 5. e4 c6 6. Be2 Be7 7. O-O O-O 8. h3
h6 9. Be3 a6 10. d5 c5 11. Ne1 Nh7 12. f4 f6 13. f5 Nb6 14. Rf3 Bd7 15. Rg3 Kh8
16. b3 Be8 17. Bh5 Bxh5 18. Qxh5 Qe8 19. Qg4 Rg8 20. Nf3 Nd7 21. Nh4 Ng5 22.
Ng6+ Kh7 23. h4 Nf7 24. Rf1 Nh8 25. Nd1 Nxg6 26. fxg6+ Kh8 27. Bxh6 gxh6 28.
g7+ 1-0

[Event "12.Traum-Open"]
[Site "Oberstdorf"]
[Date "2005.07.09"]
[Round "1"]
[White "Fehres, Werner"]
[Black "Pscherer, Gerhard"]
[Result "1-0"]
[WhiteElo "2033"]
[BlackElo "1623"]
[PlyCount "77"]
[EventDate "2005.??.??"]

1. e4 d6 2. f4 Nf6 3. d3 Nc6 4. Nf3 e5 5. c4 Bg4 6. Be2 Bxf3 7. Bxf3 Nd4 8. O-O
Be7 9. Nc3 c6 10. Be3 Qd7 11. Kh1 Nxf3 12. Rxf3 Ng4 13. Bg1 O-O 14. h3 Nf6 15.
g4 Nxg4 16. hxg4 Qxg4 17. f5 Bg5 18. Qf1 Bf4 19. Ne2 g5 20. Qg2 h5 21. Raf1
Qxg2+ 22. Kxg2 Kg7 23. d4 Kf6 24. Bf2 Rg8 25. Rh1 Rh8 26. Rfh3 h4 27. Kf3 Rag8
28. Kg4 a6 29. Rd1 Rd8 30. Rb3 h3 31. Rh1 h2 32. Rxb7 Rh7 33. Rb6 Rdh8 34. Rxc6
Rh4+ 35. Kf3 Rh3+ 36. Kg2 g4 37. dxe5+ Bxe5 38. Bg3 Bxg3 39. Nxg3 1-0

[Event "12.Traum-Open"]
[Site "Oberstdorf"]
[Date "2005.07.09"]
[Round "1"]
[White "Winkler, Hans"]
[Black "Storkebaum, Karl-Heinrich"]
[Result "0-1"]
[WhiteElo "1615"]
[BlackElo "2023"]
[PlyCount "110"]
[EventDate "2005.??.??"]

1. c4 c5 2. Nc3 Nc6 3. g3 g6 4. Bg2 Bg7 5. e3 e6 6. Nge2 Nge7 7. O-O d5 8. cxd5
exd5 9. d4 c4 10. b3 cxb3 11. Qxb3 O-O 12. Nxd5 Nxd5 13. Qxd5 Qe7 14. Nf4 Bf5
15. a4 Rfd8 16. Qb5 Qd7 17. Bb2 Rab8 18. Rac1 Ne7 19. Qb4 Bf8 20. Qb3 b5 21. a5
Qd6 22. Rc5 a6 23. Rfc1 Rbc8 24. Ba3 Rxc5 25. Rxc5 Qb8 26. Bb4 Rc8 27. Rxc8
Qxc8 28. Bc5 Nc6 29. Bb6 Nb4 30. Qb2 Qc4 31. Qd2 Bd6 32. Bf1 Qc8 33. Bg2 Qc4
34. e4 Bd7 35. e5 Be7 36. d5 Bg5 37. h4 Bxf4 38. gxf4 Bf5 39. d6 Bd7 40. Bf1
Qb3 41. Bc5 Nc6 42. Bg2 Nd8 43. Bd5 Qb1+ 44. Kh2 Qf5 45. Bg2 Qg4 46. Qe3 Qxh4+
47. Kg1 Ne6 48. Bh3 Nxc5 49. Bxd7 Nxd7 50. Kf1 Qh1+ 51. Ke2 Qc6 52. e6 Qc4+ 53.
Kf3 Qxe6 54. Qc1 Qxd6 55. Qc3 b4 0-1

[Event "12.Traum-Open"]
[Site "Oberstdorf"]
[Date "2005.07.09"]
[Round "1"]
[White "Sakowski, Christian"]
[Black "Lübbers, Doris"]
[Result "1-0"]
[WhiteElo "1986"]
[BlackElo "1347"]
[PlyCount "97"]
[EventDate "2005.??.??"]

1. d4 d5 2. Nf3 Nf6 3. c4 Bg4 4. Nc3 Bxf3 5. exf3 c6 6. Be3 e6 7. Bd3 Bd6 8.
Qb3 b6 9. O-O O-O 10. Rac1 Nbd7 11. Rfe1 Rc8 12. cxd5 cxd5 13. Ba6 Rc7 14. Nb5
Rxc1 15. Rxc1 Nb8 16. Rc8 Qe7 17. Rxf8+ Kxf8 18. Nxd6 Qxd6 19. Bd3 Qc7 20. g3
Kg8 21. Bf4 Qc8 22. Qa4 Nc6 23. Bb5 Na5 24. b4 Nc4 25. Qxa7 Ne8 26. a4 Qd8 27.
Bxc4 dxc4 28. Qb8 Qxb8 29. Bxb8 c3 30. Bf4 c2 31. Kf1 Nf6 32. a5 bxa5 33. bxa5
Nd5 34. Bc1 Nb4 35. Ke2 f6 36. Kd2 Kf7 37. Ba3 Na6 38. Kxc2 Ke8 39. Kd3 Kd7 40.
Kc4 Kc6 41. f4 f5 42. Bf8 g6 43. Bg7 Nc7 44. Be5 Na6 45. f3 h6 46. h3 h5 47. h4
Nc7 48. Bxc7 Kxc7 49. Kc5 1-0

[Event "12.Traum-Open"]
[Site "Oberstdorf"]
[Date "2005.07.09"]
[Round "1"]
[White "Wechs, Julian"]
[Black "Schäfer, Thomas"]
[Result "0-1"]
[WhiteElo "1237"]
[BlackElo "1979"]
[PlyCount "90"]
[EventDate "2005.??.??"]

1. e4 g6 2. d4 Bg7 3. Nc3 d6 4. Nf3 Bg4 5. Be3 Nc6 6. Bb5 a6 7. Ba4 b5 8. Bb3
Nf6 9. h3 Bxf3 10. Qxf3 e5 11. d5 Ne7 12. O-O O-O 13. a3 Nd7 14. Rad1 f5 15.
Qe2 f4 16. Bd2 Nf6 17. Qe1 Nh5 18. Rc1 Qd7 19. f3 Kh8 20. Ne2 c5 21. c3 c4 22.
Bc2 Bf6 23. Qd1 Ng8 24. Be1 Qe7 25. Bf2 Bg5 26. Rb1 Bh4 27. Bxh4 Qxh4 28. Qe1
Qe7 29. Qf2 Ngf6 30. Bd1 Nd7 31. Bc2 Nc5 32. Qe1 Rg8 33. Qd1 g5 34. Kh1 Nf6 35.
Kg1 h5 36. Kf2 Nh7 37. Nc1 g4 38. hxg4 Qh4+ 39. Ke2 hxg4 40. Qe1 gxf3+ 41. gxf3
Rg2+ 42. Rf2 Rag8 43. Ra1 Qh2 44. Qf1 Rxf2+ 45. Qxf2 Rg2 0-1

[Event "12.Traum-Open"]
[Site "Oberstdorf"]
[Date "2005.07.10"]
[Round "2"]
[White "Storkebaum, Karl-Heinrich"]
[Black "Fischer, Roger"]
[Result "0-1"]
[WhiteElo "2023"]
[BlackElo "2175"]
[PlyCount "68"]
[EventDate "2005.??.??"]

1. d4 d6 2. Nf3 g6 3. c4 Bg7 4. e4 Bg4 5. Be2 Nc6 6. Be3 e5 7. d5 Bxf3 8. Bxf3
Nd4 9. Bxd4 exd4 10. Qd3 Ne7 11. O-O c5 12. Na3 O-O 13. Bg4 a6 14. Nc2 Rb8 15.
Rab1 Qc7 16. f4 f5 17. exf5 Nxf5 18. g3 Ne3 19. Be6+ Kh8 20. Rfe1 b5 21. b3
bxc4 22. bxc4 Qa5 23. Nxe3 dxe3 24. Re2 Qc3 25. Qxc3 Rxb1+ 26. Qe1 Rxe1+ 27.
Rxe1 Bc3 28. Re2 Bd2 29. Bd7 Rb8 30. Ba4 Rb4 31. Bb3 a5 32. Kg2 a4 33. Bd1 a3
34. Kf3 Rb2 0-1

[Event "12.Traum-Open"]
[Site "Oberstdorf"]
[Date "2005.07.10"]
[Round "2"]
[White "Schäfer, Thomas"]
[Black "Stiemer, Sönke"]
[Result "1/2-1/2"]
[WhiteElo "1979"]
[BlackElo "2049"]
[PlyCount "24"]
[EventDate "2005.??.??"]

1. e4 c5 2. Nc3 g6 3. g3 Bg7 4. Bg2 e6 5. d3 Ne7 6. Be3 d6 7. Qd2 Qb6 8. Rb1
Bxc3 9. Qxc3 Qb4 10. Ne2 Nbc6 11. O-O Qxc3 12. bxc3 e5 1/2-1/2

[Event "12.Traum-Open"]
[Site "Oberstdorf"]
[Date "2005.07.10"]
[Round "2"]
[White "Bullock, Alfred"]
[Black "Fehres, Werner"]
[Result "0-1"]
[WhiteElo "1490"]
[BlackElo "2033"]
[PlyCount "112"]
[EventDate "2005.??.??"]

1. Nf3 g6 2. g3 Bg7 3. Bg2 Nf6 4. O-O O-O 5. c4 d6 6. Nc3 e5 7. d3 Nbd7 8. Qc2
Ne8 9. e4 c6 10. Bg5 f6 11. Be3 Qe7 12. d4 Rf7 13. dxe5 dxe5 14. Rad1 Nf8 15.
Rd2 Be6 16. Qd3 Nd7 17. Rfd1 Bf8 18. a3 g5 19. b4 Nb6 20. c5 Nc4 21. Rc2 Nxe3
22. Qxe3 Bb3 23. Nd5 cxd5 24. Qxb3 dxe4 25. Ne1 f5 26. Rcd2 Nf6 27. Bf1 Kh8 28.
Bc4 Rg7 29. Nc2 f4 30. Rd6 Rg6 31. Re6 Qc7 32. Qc3 Re8 33. Rxe8 Nxe8 34. Qd2
fxg3 35. fxg3 Nf6 36. Qd8 Qe7 37. Qxe7 Bxe7 38. Bd5 Rg7 39. Bxb7 Bxc5+ 40. bxc5
Rxb7 41. Nb4 a5 42. c6 Rc7 43. Nd5 Rxc6 44. Nxf6 Rxf6 45. Re1 Rf3 46. Rxe4 Rxa3
47. Rxe5 h6 48. g4 Kg7 49. Rb5 Kf6 50. Rb6+ Ke5 51. Rxh6 Kf4 52. h4 gxh4 53. g5
Kxg5 54. Rd6 Kf4 55. Rd4+ Kg3 56. Kf1 h3 0-1

[Event "12.Traum-Open"]
[Site "Oberstdorf"]
[Date "2005.07.10"]
[Round "2"]
[White "Lücke, Volkmar"]
[Black "Maugg, Ludwig"]
[Result "1/2-1/2"]
[WhiteElo "2009"]
[BlackElo "2147"]
[PlyCount "25"]
[EventDate "2005.??.??"]

1. Nf3 c5 2. g3 Nc6 3. Bg2 e5 4. d3 g6 5. e4 Bg7 6. O-O Nge7 7. c3 O-O 8. Be3
d6 9. Qd2 f5 10. Nh4 Rb8 11. f4 b6 12. Na3 Be6 13. Nf3 1/2-1/2

[Event "12.Traum-Open"]
[Site "Oberstdorf"]
[Date "2005.07.10"]
[Round "2"]
[White "Siegmund, Rainer"]
[Black "Froehlich, Rainer"]
[Result "1/2-1/2"]
[WhiteElo "2149"]
[BlackElo "2128"]
[PlyCount "74"]
[EventDate "2005.??.??"]

1. d4 Nf6 2. c4 e5 3. dxe5 Ng4 4. Bf4 Nc6 5. Nf3 Bb4+ 6. Nc3 Qe7 7. Qd5 Bxc3+
8. bxc3 f6 9. exf6 Nxf6 10. Qd3 d6 11. g3 O-O 12. Bg2 Re8 13. O-O Qxe2 14. Qxe2
Rxe2 15. Nd4 Nxd4 16. cxd4 h6 17. Bf3 Re7 18. Rfe1 Rxe1+ 19. Rxe1 Kf7 20. Rb1
g5 21. Be3 Rb8 22. h4 g4 23. Bg2 h5 24. Bf4 b6 25. c5 Bf5 26. Rb2 Rd8 27. cxd6
cxd6 28. Rb5 d5 29. Bg5 Be4 30. Bxe4 dxe4 31. Rf5 Rd6 32. Rf4 Kg6 33. Bxf6 Rxf6
34. Rxe4 Rf3 35. d5 Rd3 36. Re7 Ra3 37. Re2 Rd3 1/2-1/2

[Event "12.Traum-Open"]
[Site "Oberstdorf"]
[Date "2005.07.10"]
[Round "2"]
[White "Johanssen, Torsten"]
[Black "Kreie, Günter"]
[Result "0-1"]
[WhiteElo "1900"]
[BlackElo "1942"]
[PlyCount "84"]
[EventDate "2005.??.??"]

1. c4 Nf6 2. Nc3 e6 3. e4 d5 4. e5 d4 5. exf6 dxc3 6. fxg7 cxd2+ 7. Qxd2 Qxd2+
8. Bxd2 Bxg7 9. O-O-O Nc6 10. Ne2 a6 11. Nf4 Bd4 12. f3 Bd7 13. Be2 O-O-O 14.
Nd3 Bf6 15. Nc5 Be8 16. Rhe1 Rg8 17. Bf1 Be7 18. Be3 b6 19. Rxd8+ Bxd8 20. Nxa6
Be7 21. c5 Kb7 22. Kb1 f6 23. Rc1 Bg6+ 24. Ka1 Ra8 25. cxb6 cxb6 26. Bb5 Be8
27. Bd2 Rxa6 28. Bxa6+ Kxa6 29. Bc3 e5 30. Re1 Nb4 31. Bxb4 Bxb4 32. Re4 Bc5
33. a3 Bd4 34. Re1 Bf7 35. Re4 Kb5 36. Re1 Ka4 37. Re2 Kb3 38. g4 Bd5 39. f4
Bf3 40. Rd2 Bxg4 41. fxe5 fxe5 42. Rd3+ Kc2 0-1

[Event "12.Traum-Open"]
[Site "Oberstdorf"]
[Date "2005.07.10"]
[Round "2"]
[White "Schirmer, Werner"]
[Black "Aicher, Hans"]
[Result "1-0"]
[WhiteElo "2050"]
[BlackElo "1798"]
[PlyCount "65"]
[EventDate "2005.??.??"]

1. e4 c6 2. d4 d5 3. Nc3 dxe4 4. Nxe4 Nd7 5. Nf3 Ngf6 6. Neg5 e6 7. Bd3 Be7 8.
O-O O-O 9. Ne5 h6 10. Ngf3 c5 11. c3 Qc7 12. Be3 cxd4 13. cxd4 Nd5 14. Rc1 Qd8
15. Bb1 Nxe5 16. Nxe5 Bg5 17. Qd3 f5 18. Rfe1 Bd7 19. Qb3 Rb8 20. Qa3 f4 21.
Qd3 Rf5 22. Bd2 a6 23. Qf3 Rf6 24. Qe4 Rf5 25. Nxd7 Qxd7 26. Qxe6+ Qxe6 27.
Rxe6 Rff8 28. Be4 Rbd8 29. Bf3 Bf6 30. Rc5 Ne7 31. Bc3 Kf7 32. Re4 g5 33. Rc7
1-0

[Event "12.Traum-Open"]
[Site "Oberstdorf"]
[Date "2005.07.10"]
[Round "2"]
[White "Thonig, Manfred"]
[Black "Kumeth, Hartmut"]
[Result "1-0"]
[WhiteElo "1913"]
[BlackElo "1600"]
[PlyCount "109"]
[EventDate "2005.??.??"]

1. f4 Nf6 2. b3 d6 3. Bb2 Nbd7 4. Nf3 e5 5. fxe5 dxe5 6. d3 Bd6 7. e4 O-O 8.
Be2 Re8 9. Ba3 Nf8 10. c4 Bxa3 11. Nxa3 c6 12. Qd2 Qc7 13. b4 a6 14. O-O Ng6
15. Nc2 Be6 16. Ng5 Qd8 17. Ne3 h6 18. Nxe6 Rxe6 19. Rad1 Ne7 20. Kh1 Qc7 21.
c5 Rd8 22. Qe1 b5 23. Qh4 Ng6 24. Qf2 Nf4 25. Nf5 Nxe2 26. Qxe2 Ne8 27. Rf3 a5
28. a3 axb4 29. axb4 Ra8 30. Qe3 Ra4 31. Rg3 Kh7 32. Rh3 Rxb4 33. g4 g5 34.
Qxg5 Rg6 35. Rxh6+ Rxh6 36. Qxh6+ Kg8 37. Qg5+ Kf8 38. h4 Qd7 39. Nh6 f6 40.
Qg8+ Ke7 41. Qf7+ Kd8 42. Qxd7+ Kxd7 43. Nf5 Ke6 44. h5 Kf7 45. d4 exd4 46.
Nxd4 Rc4 47. e5 Rxc5 48. e6+ Kg8 49. Nf5 Re5 50. e7 b4 51. Rd8 Kf7 52. h6 Rxe7
53. Nxe7 Kxe7 54. Rxe8+ Kxe8 55. h7 1-0

[Event "12.Traum-Open"]
[Site "Oberstdorf"]
[Date "2005.07.10"]
[Round "2"]
[White "Lübbers, Doris"]
[Black "Slacik, Johann"]
[Result "1/2-1/2"]
[WhiteElo "1347"]
[BlackElo "1904"]
[PlyCount "63"]
[EventDate "2005.??.??"]

1. d4 d5 2. Nf3 Nf6 3. e3 e6 4. c4 c6 5. Nc3 Nbd7 6. Bd3 Bb4 7. O-O O-O 8. cxd5
exd5 9. a3 Ba5 10. Bd2 Re8 11. b4 Bc7 12. Qc2 Nf8 13. Rad1 Bg4 14. Be2 Ne4 15.
Bc1 Bf5 16. Qb2 Re6 17. Nxe4 dxe4 18. Ne5 Qg5 19. f4 Qh4 20. Rf2 Bxe5 21. dxe5
Rg6 22. Bf1 Re6 23. Rd4 Qe7 24. Rfd2 g5 25. g3 gxf4 26. exf4 c5 27. Rd6 cxb4
28. Qxb4 b6 29. R2d4 Rc8 30. Rc4 Rxc4 31. Bxc4 Rxd6 32. Qxd6 1/2-1/2

[Event "12.Traum-Open"]
[Site "Oberstdorf"]
[Date "2005.07.10"]
[Round "2"]
[White "Gestrich, Wolfgang"]
[Black "Wechs, Julian"]
[Result "1/2-1/2"]
[WhiteElo "1783"]
[BlackElo "1237"]
[PlyCount "73"]
[EventDate "2005.??.??"]

1. c4 Nf6 2. Nc3 g6 3. g3 Bg7 4. Bg2 d6 5. Qa4+ Nbd7 6. e4 e5 7. Nge2 O-O 8. d3
Re8 9. O-O Nc5 10. Qd1 h5 11. Bg5 Ne6 12. Bc1 Nh7 13. f4 exf4 14. Nxf4 Nxf4 15.
Bxf4 Ng5 16. Be3 Bg4 17. Qd2 Nh7 18. h3 Be6 19. h4 Qd7 20. Nd5 c6 21. Nf4 Bg4
22. Kh2 Nf8 23. Bh3 Bxh3 24. Nxh3 Ne6 25. Ng5 Nxg5 26. Bxg5 a6 27. Rf3 Rac8 28.
Raf1 Rf8 29. Bf6 Bxf6 30. Rxf6 Kg7 31. Qc3 Kg8 32. Qd4 Rcd8 33. R1f3 Qe7 34.
Qe3 Kg7 35. Qg5 Qe5 36. Qxe5 dxe5 37. b4 1/2-1/2

[Event "12.Traum-Open"]
[Site "Oberstdorf"]
[Date "2005.07.11"]
[Round "3"]
[White "Fischer, Roger"]
[Black "Sander, Rolf"]
[Result "1/2-1/2"]
[WhiteElo "2175"]
[BlackElo "2046"]
[PlyCount "39"]
[EventDate "2005.??.??"]

1. Nf3 d5 2. c4 e6 3. d4 c5 4. cxd5 exd5 5. g3 Nf6 6. Nc3 Nc6 7. Bg2 Be7 8. O-O
O-O 9. Bg5 c4 10. Ne5 Be6 11. Nxc4 dxc4 12. Bxf6 Bxf6 13. d5 Bxd5 14. Qxd5 Qxd5
15. Bxd5 Na5 16. Rac1 Rad8 17. Rfd1 a6 18. e4 Rd7 19. f4 Rfd8 20. Kf1 1/2-1/2

[Event "12.Traum-Open"]
[Site "Oberstdorf"]
[Date "2005.07.11"]
[Round "3"]
[White "Fehres, Werner"]
[Black "Graf, Joachim"]
[Result "1/2-1/2"]
[WhiteElo "2033"]
[BlackElo "2145"]
[PlyCount "85"]
[EventDate "2005.??.??"]

1. e4 c5 2. f4 Nc6 3. c3 g6 4. Nf3 Bg7 5. Be2 d5 6. e5 f6 7. d4 Qb6 8. Na3 Bf5
9. Bb5 a6 10. Ba4 Nh6 11. Bc2 O-O 12. Rb1 cxd4 13. cxd4 Rac8 14. Be3 Nb4 15.
Bxf5 Nxf5 16. Bf2 Nxa2 17. O-O Nb4 18. Re1 a5 19. Re2 Rc6 20. Rd2 Rfc8 21. Ne1
Na2 22. Nac2 Nb4 23. g4 Nh6 24. Ne3 Qc7 25. Qb3 Qd7 26. h3 f5 27. g5 Nf7 28.
Rbd1 e6 29. Nd3 Bf8 30. Be1 Nxd3 31. Rxd3 Qd8 32. Qa4 b6 33. Rc3 Rxc3 34. bxc3
Qc7 35. Rb1 Qc6 36. Rb5 Be7 37. Qb3 Bd8 38. Kf1 a4 39. Qxa4 Ra8 40. Qb3 Ra5 41.
Rb4 Qa8 42. Nc2 Qa6+ 43. c4 1/2-1/2

[Event "12.Traum-Open"]
[Site "Oberstdorf"]
[Date "2005.07.11"]
[Round "3"]
[White "Maugg, Ludwig"]
[Black "Schäfer, Thomas"]
[Result "1/2-1/2"]
[WhiteElo "2147"]
[BlackElo "1979"]
[PlyCount "30"]
[EventDate "2005.??.??"]

1. d4 d5 2. c4 Nc6 3. cxd5 Qxd5 4. e3 e5 5. Nc3 Bb4 6. Bd2 Bxc3 7. bxc3 Qd6 8.
Bd3 Nf6 9. f3 O-O 10. Ne2 Re8 11. O-O Ne7 12. e4 c5 13. d5 Ng6 14. c4 Bd7 15.
Rb1 b5 1/2-1/2

[Event "12.Traum-Open"]
[Site "Oberstdorf"]
[Date "2005.07.11"]
[Round "3"]
[White "Kreie, Günter"]
[Black "Schirmer, Werner"]
[Result "0-1"]
[WhiteElo "1942"]
[BlackElo "2050"]
[PlyCount "72"]
[EventDate "2005.??.??"]

1. e4 c5 2. Nf3 Nc6 3. d4 cxd4 4. Nxd4 g6 5. Nc3 Bg7 6. Be3 Nf6 7. Bc4 Qa5 8.
O-O O-O 9. Bb3 d6 10. h3 Bd7 11. f4 Nxd4 12. Bxd4 Bc6 13. f5 Nxe4 14. Bxg7 Kxg7
15. Nxe4 Bxe4 16. f6+ exf6 17. Qxd6 Qg5 18. Rf2 Rad8 19. Qe7 Qe5 20. Qb4 Rd4
21. Qe1 Rfd8 22. c3 R4d7 23. Qe3 Rd3 24. Qxa7 Rxh3 25. gxh3 Qg3+ 26. Kf1 Bd3+
27. Ke1 Qg1+ 28. Kd2 Qxa1 29. Qb6 Qxb2+ 30. Ke3 Qc1+ 31. Kf3 Re8 32. Qd4 Qh1+
33. Kg3 Qg1+ 34. Kf3 Be4+ 35. Ke3 Bf5+ 36. Kf3 Qh1+ 0-1

[Event "12.Traum-Open"]
[Site "Oberstdorf"]
[Date "2005.07.11"]
[Round "3"]
[White "Sakowski, Christian"]
[Black "Siegmund, Rainer"]
[Result "1/2-1/2"]
[WhiteElo "1986"]
[BlackElo "2149"]
[PlyCount "96"]
[EventDate "2005.??.??"]

1. d4 Nf6 2. Nf3 e6 3. Bg5 h6 4. Bxf6 Qxf6 5. e3 c5 6. c3 d5 7. Bb5+ Bd7 8.
Bxd7+ Nxd7 9. Qa4 Bd6 10. Nbd2 Qe7 11. dxc5 Bxc5 12. Ne5 Rd8 13. Ndf3 O-O 14.
Nxd7 Rxd7 15. O-O a6 16. Rfd1 Rfd8 17. Ne5 Rd6 18. Rac1 Qf6 19. Nd3 Ba7 20. Qf4
Qxf4 21. Nxf4 e5 22. Ne2 b5 23. Kf1 f5 24. h4 Kf7 25. g3 Ke6 26. Kg2 Rc8 27.
Rd3 Bb6 28. Rcd1 Rcd8 29. R3d2 R8d7 30. Rd3 Kf6 31. R3d2 Bc5 32. a3 Ke6 33. Rd3
Bb6 34. Nc1 g6 35. R3d2 Rf7 36. Kf3 g5 37. hxg5 hxg5 38. Rh1 Rdd7 39. Rh6+ Rf6
40. Rxf6+ Kxf6 41. Rd1 Bc5 42. Rh1 Kg6 43. Ne2 g4+ 44. Kg2 Bf8 45. Kf1 Bg7 46.
Ke1 Bh6 47. Kd1 Bg7 48. Kc2 Bf6 1/2-1/2

[Event "12.Traum-Open"]
[Site "Oberstdorf"]
[Date "2005.07.11"]
[Round "3"]
[White "Stiemer, Sönke"]
[Black "Lücke, Volkmar"]
[Result "1-0"]
[WhiteElo "2049"]
[BlackElo "2009"]
[PlyCount "109"]
[EventDate "2005.??.??"]

1. d4 Nf6 2. Nf3 g6 3. c4 Bg7 4. Nc3 d5 5. Bf4 O-O 6. e3 c5 7. Rc1 Nc6 8. cxd5
Nxd5 9. Nxd5 Qxd5 10. Rxc5 Qxa2 11. Qd2 Qa1+ 12. Rc1 Qa5 13. Qxa5 Nxa5 14. Rc7
e6 15. Bd3 Rd8 16. Ke2 Nc6 17. Bb5 Rd7 18. Rxc6 bxc6 19. Bxc6 Ba6+ 20. Kd2 Rdd8
21. Bxa8 Rxa8 22. Rc1 Rc8 23. Rxc8+ Bxc8 24. Bd6 Bb7 25. Ne1 f6 26. f3 e5 27.
dxe5 fxe5 28. e4 Kf7 29. Nd3 Ba6 30. Bxe5 Bxd3 31. Bxg7 Bf1 32. Bd4 Bxg2 33.
Bxa7 Bxf3 34. Ke3 Bd1 35. b4 Ba4 36. Kd4 Ke6 37. Bb8 g5 38. Bc7 Bc6 39. Bd8 h6
40. Bc7 Kd7 41. Bg3 Ke6 42. e5 h5 43. Be1 Ba4 44. Bd2 Kf5 45. Kd5 h4 46. Kd6 g4
47. Be1 g3 48. Bxg3 hxg3 49. hxg3 Kg4 50. e6 Kxg3 51. Kc5 Kf4 52. b5 Bb3 53. e7
Bf7 54. b6 Ke5 55. b7 1-0

[Event "12.Traum-Open"]
[Site "Oberstdorf"]
[Date "2005.07.11"]
[Round "3"]
[White "Froehlich, Rainer"]
[Black "Thonig, Manfred"]
[Result "1-0"]
[WhiteElo "2128"]
[BlackElo "1913"]
[PlyCount "77"]
[EventDate "2005.??.??"]

1. c4 f5 2. Nf3 Nf6 3. Nc3 e6 4. d4 Bb4 5. Bg5 Bxc3+ 6. bxc3 O-O 7. e3 Qe8 8.
Bxf6 Rxf6 9. Be2 Rh6 10. c5 b6 11. cxb6 axb6 12. Qb3 Qe7 13. a4 Bb7 14. a5 Bd5
15. c4 Be4 16. Kd2 Qd6 17. axb6 Rxa1 18. Rxa1 cxb6 19. Qa3 Qxa3 20. Rxa3 d6 21.
Ra7 Rf6 22. Ne1 Rf7 23. Ra1 f4 24. exf4 Rxf4 25. Ke3 Rh4 26. g3 Rxh2 27. Kxe4
Rxf2 28. Ke3 Rf8 29. Bg4 Re8 30. Ra8 Kf7 31. Nf3 h6 32. Kd3 g6 33. d5 e5 34.
Be6+ Kf6 35. Nd2 Rd8 36. Ne4+ Ke7 37. Ra7+ Nd7 38. Rb7 Ke8 39. Bxd7+ 1-0